Online
Catalog
Normal view MARC view

Entry Nombre corporativo

Number of records used in: 26

001 - NÚMERO DE CONTROL

  • campo de control: 56909

003 - IDENTIFICADOR DEL NÚMERO DE CONTROL

  • campo de control: BNPHU

005 - FECHA Y HORA DE LA ÚLTIMA TRANSACCIÓN

  • campo de control: 20240715103629.0

008 - DATOS DE LONGITUD FIJA

  • campo de control de longitud fija: 200615|| aca||aabn | a|a d

010 ## - NÚMERO DE CONTROL DE LA BIBLIOTECA DEL CONGRESO

  • Número de control de LC: no2005103169

040 ## - FUENTE DE LA CATALOGACIÓN

  • Centro catalogador/agencia de origen: DO-SdBNP
  • Lengua de catalogación: spa
  • Centro/agencia transcriptor: BNPHU
  • Normas de descripción: rda

110 2# - ENCABEZAMIENTO-NOMBRE DE ENTIDAD CORPORATIVA

  • Nombre de entidad corporativa o nombre de jurisdicción como elemento de entrada: Centro Cultural Eduardo León Jimenes

368 ## - OTROS ATRIBUTOS DE PERSONA O ENTIDAD CORPORATIVA

  • Tipo de entidad corporativa: Centro Cultural

370 ## - LUGAR ASOCIADO

  • Lugar de nacimiento: Santiago de los Caballeros (República Dominicana)

371 ## - DIRECCIÓN

  • Dirección: Av. 27 de fevrero no. 146, Villa Progreso, Santiago de los Caballeros,
  • País: República Dominicana
  • Código postal: 51053
  • Dirección de correo electrónico: [email protected]

372 ## - CAMPO DE ACTIVIDAD

  • Campo de actividad: Cultura

377 ## - LENGUA/LENGUAJE ASOCIADO

  • Código del idioma: spa
  • Término de lengua/lenguaje: Español

410 2# - TRAZADO DE VÉASE--NOMBRE DE ENTIDAD CORPORATIVA

  • Nombre de entidad corporativa o nombre de jurisdicción como elemento de entrada: Centro León

670 ## - FUENTE DE DATOS ENCONTRADOS

  • Cita de la fuente: Work cat.: (OSt)29701: Centro Cultural Eduardo León Jimenes, Anuario 2006 :, 2007.

670 ## - FUENTE DE DATOS ENCONTRADOS

  • Cita de la fuente: XX Concurso de Arte Eduardo León Jimenes

670 ## - FUENTE DE DATOS ENCONTRADOS

  • Cita de la fuente: O insólito olhar irônico de Apeco, 2013?:

670 ## - FUENTE DE DATOS ENCONTRADOS

  • Identificador Uniforme del Recurso: https://authorities.loc.gov/cgi-bin/Pwebrecon.cgi?AuthRecID=6681054&v1=1&HC=1&SEQ=20240715101953&PID=2_u8gr7YTI8j3kMZ8lZ6B55Dn_AD Consultado en 15 de Julio, 2024

856 ## - LOCALIZACIÓN Y ACCESO ELECTRÓNICOS

  • Identificador Uniforme del Recurso: www.centroleon.org.do

Powered by Koha